Ochabnutie normálového napätia vplyvom šmyku
Saved in:
| Main Author: | |
|---|---|
| Format: | Manuscript Book |
| Language: | Slovak |
| Published: |
Košice :
Technická univerzita v Košiciach,
1995
|
| Tags: |
No Tags, Be the first to tag this record!
|
MARC
| LEADER | 00000ntm a22000003a 4500 | ||
|---|---|---|---|
| 001 | stu52864 | ||
| 005 | 20150617225703.4 | ||
| 008 | 000329s1995----xo------------------slo-d | ||
| 040 | |a STU |b slo | ||
| 041 | 0 | |a slo | |
| 044 | |a xo | ||
| 080 | |a 624.042.2 | ||
| 080 | |a 624.072.23 | ||
| 100 | 1 | |a Rovňák, Marián |4 aut | |
| 245 | 1 | |a Ochabnutie normálového napätia vplyvom šmyku | |
| 260 | |a Košice : |b Technická univerzita v Košiciach, |c 1995 | ||
| 300 | |a 145 s.;tab.,schémy | ||
| 996 | |b 284V037515 |c V*2102/DP-676 |l VVS |s P |a 0 |w stu52864_0001 | ||